| 000 | 00632cam a22002053a 4500 | ||
|---|---|---|---|
| 001 | 40767 | ||
| 003 | PGUSA | ||
| 005 | 20140828083918.0 | ||
| 008 | 120915s2012||||xxu|||||s|||||000 | eng d | ||
| 040 |
_aPGUSA _beng |
||
| 042 | _adc | ||
| 100 | 1 |
_aSaussure, N. B. de _cMrs |
|
| 245 | 1 | 0 |
_aOld Plantation Days : _bBeing Recollections of Southern Life Before the Civil War _h[electronic resource] / _cN. B. de Saussure |
| 260 |
_bProject Gutenberg, _c2012 |
||
| 506 | _aPublic domain in the USA. | ||
| 516 | _aElectronic text | ||
| 830 | 0 |
_aProject Gutenberg _v40767 |
|
| 856 | 4 | 0 | _uhttp://www.gutenberg.org/ebooks/40767 |
| 942 | _cEB | ||
| 999 |
_c270019 _d270019 |
||